| Tag |
First Indicator |
Second Indicator |
Subfields |
| LEADER |
00000cam a2200000 a 4500 |
| 001 |
in00000771908 |
| 005 |
20151017050529.0 |
| 008 |
871207s1988 enk b 00110 eng |
| 010 |
|
|
|a 87036444
|
| 020 |
|
|
|a 0860919064
|
| 035 |
|
|
|a (OCoLC)17295698
|
| 035 |
|
|
|9 ADK1030AM
|
| 040 |
|
|
|a DLC
|c DLC
|d TXA
|d UtOrBLW
|
| 041 |
1 |
|
|a eng
|h ita
|
| 043 |
|
|
|a e-uk-en
|
| 049 |
|
|
|a TXAM
|c [A11773029]
|
| 050 |
0 |
0 |
|a PN51
|b .M67 1988
|
| 082 |
0 |
|
|a 801/.3
|2 19
|
| 100 |
1 |
|
|a Moretti, Franco,
|d 1950-
|
| 245 |
1 |
0 |
|a Signs taken for wonders :
|b essays in the sociology of literary forms /
|c Franco Moretti ; translated by Susan Fischer, David Forgacs and David Miller.
|
| 250 |
|
|
|a Rev. ed.
|
| 264 |
|
1 |
|a London ;
|a New York :
|b Verso,
|c 1988.
|
| 300 |
|
|
|a vi, 314 pages ;
|c 23 cm.
|
| 336 |
|
|
|a text
|b txt
|2 rdacontent
|
| 337 |
|
|
|a unmediated
|b n
|2 rdamedia
|
| 338 |
|
|
|a volume
|b nc
|2 rdacarrier
|
| 500 |
|
|
|a Translated from Italian.
|
| 504 |
|
|
|a Bibliography: pages [279]-309.
|
| 500 |
|
|
|a Includes index.
|
| 505 |
0 |
|
|a The soul and the harpy -- The great eclipse -- Dialectic of fear -- Homo palpitans -- Clues -- Kindergarten -- The long goodbye -- From The waste land to the artificial paradise -- The spell of indecision -- The moment of truth --On literary evolution.
|
| 650 |
|
0 |
|a Literature and society.
|
| 650 |
|
0 |
|a English literature
|x History and criticism.
|
| 999 |
|
|
|a MARS
|
| 999 |
f |
f |
|s b131da94-f3cf-3f8f-8a92-d12c6a20981e
|i b6d2dc72-b6b7-3d04-9740-b683ee2de2e3
|t 0
|
| 952 |
f |
f |
|p normal
|a Texas A&M University
|b College Station
|c Sterling C. Evans Library
|d Evans: Library Stacks
|t 0
|e PN51 .M67 1988
|h Library of Congress classification
|i unmediated -- volume
|m A14811773029
|
| 998 |
f |
f |
|a PN51 .M67 1988
|t 0
|l Evans: Library Stacks
|